Statistiques concernant 15 principaux pays touchés par Covid-19 - 11 mai 2022

Cliquez ici pour prendre le quiz!

Statistiques générales

  • Ce quiz a été pris 42 fois
  • Le résultat moyen est 16 sur 29

Statistiques - réponses

pays% Correct
France
100%
Italie
100%
États-Unis
98%
Allemagne
93%
Espagne
90%
Royaume-Uni
90%
Brésil
83%
Inde
83%
Russie
83%
Portugal
75%
Belgique
73%
Japon
73%
Pays-Bas
68%
Pays-Bas
68%
Argentine
63%
Suisse
63%
Turquie
48%
Corée du Sud
40%
Autriche
38%
Danemark
30%
Tchèquie
23%
Estonie
18%
Lettonie
18%
Lituanie
18%
Israël
15%
Viêt Nam
15%
Slovénie
13%
Chypre
3%
Géorgie
3%

Distribution des résultats

Percentile par nombre de réponses

% des personnes avec chaque résultat

Votre développement - résultats

Vous n’avez pas pris ce quiz